Statistics for El Salvador Country Quiz

Click here to take the quiz!

General Stats

  • This quiz has been taken 105 times
  • The average score is 4 of 15

Answer Stats

HintAnswer% Correct
CapitalSan Salvador
100%
Third Largest CitySanta Ana
64%
CurrencyUS Dollar
64%
Gulf shared by El Salvador Honduras and GuatemalaGulf of Fonseca
42%
What river is dammed to create the above?Lempa River
35%
largest natural lake just east of San SalvadorLake Ilopango
30%
Highest PointCerro El Pital
20%
Second Largest citySoyapango
19%
National park named for a famous cloud forestMontecristo National Park
14%
Large lake on border between Guatemala and El SalvadorLake Guija
13%
What river forms border between El Salvador and GuatemalaPaz River
13%
Above is in what mountain rangeSierra Madre
10%
Largest LakeCerron Reservoir
9%
Santa Ana Volcano is located in what national park also called Cerro Verde national ParkLos Volcanes National Park
7%
River forming El Salvador's Eastern BorderGoascoran River
6%

Score Distribution

Percentile by Number Answered

Percent of People with Each Score

Your Score History

You have not taken this quiz